Normal view
MARC view
- Kugelman, Michael
Entry Personal Name
001 - CONTROL NUMBER
- control field: 15043
003 - CONTROL NUMBER IDENTIFIER
- control field: NUST
005 - DATE AND TIME OF LATEST TRANSACTION
- control field: 20190619062552.0
008 - FIXED-LENGTH DATA ELEMENTS
- fixed length control field: 190619|| aca||aabn | a|a d
040 ## - CATALOGING SOURCE
- Original cataloging agency: NUST
- Transcribing agency: NUST
100 ## - HEADING--PERSONAL NAME
- Personal name: Kugelman, Michael
670 ## - SOURCE DATA FOUND
- Source citation: Work cat.: (NUST): Kugelman, Michael, Pakistan's interminable energy crisis :, 2015.
